00856nam a2200217Ia 450000500170000000800390001702000180005604000420007404100080011610000180012424501670014226000390030930000390034850000560038750400530044365000330049665000280052965000300055770000400058776500110062720211112075617.0130821s2011 ck d fr 1 spa a9789589993149 aCO-BUCMbspacJose A. Gerenad[Nuevo]00aspa1 aSchawbel, Dan10aYo 2.0 guía completa para aprovechar el potencial de los medios sociales en la promoción personalcDan Schawbel ; traducción de Efrén del Valle Peñamil aBogotá (Colombia)bConectac2011 a286 páginasbcuadros, gráficas a"el gurú de la marca personal" The New York Times aIncluye referencias bibliográficas e índices aAdministración de empresas aÉxito en los negocios aOrientación profesional1 aValle Peñamil, Efrénetraductor tMe 2.0